BCIS quarterly review of building prices (Record no. 113267)

MARC details
000 -LEADER
fixed length control field 00556cam a2200193 a 4500
001 - CONTROL NUMBER
control field L154981
008 - FIXED-LENGTH DATA ELEMENTS--GENERAL INFORMATION
fixed length control field 120213s2012 xxk f 000 0 eng d
022 1# - INTERNATIONAL STANDARD SERIAL NUMBER
International Standard Serial Number 0260-6216
035 ## - SYSTEM CONTROL NUMBER
System control number (Sirsi) u154981
041 0# - LANGUAGE CODE
Language code of text/sound track or separate title eng
050 04 - LIBRARY OF CONGRESS CALL NUMBER
Classification number 692.5 $2 18
110 2# - MAIN ENTRY--CORPORATE NAME
Corporate name or jurisdiction name as entry element Building Cost Information Service
9 (RLIN) 1096
245 00 - TITLE STATEMENT
Title BCIS quarterly review of building prices
Remainder of title issue 124 - 128 (Jan - Nov 2012, Feb 2013)
260 ## - PUBLICATION, DISTRIBUTION, ETC.
Place of publication, distribution, etc. London
Name of publisher, distributor, etc. BCIS
Date of publication, distribution, etc. 2012
300 ## - PHYSICAL DESCRIPTION
Extent 40p.
Dimensions 30cm.
651 #4 - SUBJECT ADDED ENTRY--GEOGRAPHIC NAME
Geographic name United Kingdom
Chronological subdivision
690 ## - LOCAL SUBJECT ADDED ENTRY--TOPICAL TERM (OCLC, RLIN)
Topical term or geographic name as entry element BUILT ENVIRONMENT-BUILDING COSTS
942 ## - ADDED ENTRY ELEMENTS (KOHA)
Suppress in OPAC 0
Holdings
Withdrawn status Lost status Source of classification or shelving scheme Damaged status Not for loan Home library Current library Shelving location Date acquired Total Checkouts Full call number Barcode Date last seen Copy number Price effective from Koha item type
    Dewey Decimal Classification     London London Books 05/03/2013   BCIS ISS 128 FEB 2013 30075199 06/08/2019 3 06/08/2019 Archive
    Dewey Decimal Classification     London London Reference copy 05/03/2013   BCIS ISS 128 FEB 2013 30075203 06/08/2019 5 06/08/2019 Reference material
    Dewey Decimal Classification     London London Reference copy 05/03/2013   BCIS ISS 128 FEB 2013 30075195 06/08/2019 6 06/08/2019 Reference material
    Dewey Decimal Classification     London London BCIS/BMI publications 10/07/2012   BCIS ISS 125 MAY 2012 30077486 06/08/2019 1 06/08/2019 Reference material
    Dewey Decimal Classification     London London BCIS/BMI publications 04/12/2012   BCIS ISS 125 MAY 2012 30078014 06/08/2019 2 06/08/2019 Reference material
    Dewey Decimal Classification     London London BCIS/BMI publications 04/12/2012   BCIS ISS 126 AUG 2012 30078017 06/08/2019 1 06/08/2019 Reference material
    Dewey Decimal Classification     London London BCIS/BMI publications 04/12/2012   BCIS ISS 126 AUG 2012 30078013 06/08/2019 2 06/08/2019 Reference material
    Dewey Decimal Classification     London London BCIS/BMI publications 21/12/2012   BCIS ISS 127 NOV 2012 30079661 06/08/2019 3 06/08/2019 Reference material
    Dewey Decimal Classification     London London BCIS/BMI publications 21/12/2012   BCIS ISS 127 NOV 2012 30079665 06/08/2019 4 06/08/2019 Reference material
    Dewey Decimal Classification     London London BCIS/BMI publications 08/02/2016   BCIS ISS 124 JAN 2012 30077291 06/08/2019 1 06/08/2019 Reference material
    Dewey Decimal Classification     London London BCIS/BMI publications 08/02/2016   BCIS ISS 124 JAN 2012 30077292 06/08/2019 2 06/08/2019 Reference material